[Event "Skopje op-B"]
[Site "Skopje"]
[Date "2023.12.08"]
[Round "4"]
[White "Ranic, Viktor"]
[Black "Zenuni, Sabri"]
[Result "1-0"]
[WhiteElo "1928"]
[BlackElo "1829"]
[PlyCount "103"]
[EventDate "2023.12.06"]
[EventType "swiss"]
[EventRounds "9"]
[EventCountry "MKD"]
[SourceTitle "CB51_2023"]
[SourceDate "2023.12.20"]
[SourceVersion "1"]
[SourceVersionDate "2023.12.20"]
[SourceQuality "1"]

1. e4 e5 2. Nf3 Nc6 3. Bc4 Bc5 4. c3 Nf6 5. d3 h6 6. h3 d6 7. Bb3 Qe7 8. a4 a6 9. a5 Be6 10. Bc2 g5 11. d4 exd4 12. cxd4 Bb4+ 13. Bd2 d5 14. e5 Nd7 15. 0-0 g4 16. hxg4 Bxg4 17. Bc3 Rg8 18. Qd3 0-0-0 19. Nbd2 Bh3 20. Ne1 Be6 21. f4 f5 22. Qh3 Rdf8 23. Rf2 Rg6 24. Bd1 Qg7 25. Nf1 Qe7 26. Bh5 Rg7 27. Ne3 Kb8 28. Bf3 Qf7 29. Bh5 Qg8 30. Kh2 Be7 31. Nd3 Na7 32. Bf3 Nb5 33. g3 h5 34. Rg2 Qf7 35. Kg1 Rh8 36. Kf2 c6 37. Rag1 c5 38. Nc2 cxd4 39. Nxd4 Nc5 40. Ke3 Ne4 41. Nxb5 axb5 42. Bd4 Qf8 43. Rc1 Rhg8 44. Bxe4 fxe4 45. Qxe6 Rg6 46. Qxd5 exd3 47. Kxd3 Rxg3+ 48. Rxg3 Rxg3+ 49. Ke4 Rg4 50. Be3 Rg6 51. Qd7 Qd8 52. Rc8+ 1-0

[Event "FRM-chT2"]
[Site "Skopje"]
[Date "2023.06.03"]
[Round "4"]
[White "Gavrilov, Igor"]
[Black "Zenuni, Sabri"]
[Result "1-0"]
[WhiteElo "2011"]
[BlackElo "1796"]
[PlyCount "101"]
[EventDate "2023.05.27"]
[EventType "team-tourn"]
[EventRounds "6"]
[EventCountry "MKD"]
[SourceTitle "CBM 214 Extra"]
[Source "ChessBase"]
[SourceDate "2023.07.31"]
[SourceVersion "1"]
[SourceVersionDate "2023.07.31"]
[SourceQuality "1"]

1. d4 Nf6 2. Nf3 d5 3. c4 e6 4. Nc3 Bb4 5. Bg5 h6 6. Bxf6 Qxf6 7. Qa4+ Nc6 8. Ne5 Bxc3+ 9. bxc3 0-0 10. Nxc6 Bd7 11. c5 Bxc6 12. Qc2 Bb5 13. Rb1 Ba6 14. e3 Bxf1 15. Kxf1 Rab8 16. Kg1 e5 17. h3 Qe6 18. Kh2 f5 19. Rhe1 e4 20. c4 c6 21. cxd5 cxd5 22. Qa4 f4 23. exf4 Rxf4 24. Qxa7 Rbf8 25. Rxb7 Qf6 26. Re3 Rxf2 27. Rxg7+ Qxg7 28. Rg3 Qxg3+ 29. Kxg3 e3 30. Qe7 e2 31. Qe3 h5 32. Qg5+ Kh7 33. Qxh5+ Kg7 34. Qg5+ Kh8 35. Qe3 e1Q 36. Qxe1 Rxa2 37. Qe5+ Kh7 38. Qxd5 Rg8+ 39. Kh2 Rf2 40. Qe4+ Kg7 41. Qe7+ Kg6 42. Qe6+ Kh7 43. Qe4+ Kg7 44. d5 Rgf8 45. d6 R8f7 46. c6 Kh8 47. d7 Rd2 48. d8Q+ Rxd8 49. Qh4+ Kg7 50. Qxd8 Kh7 51. c7 1-0

[Event "FRM-chT2"]
[Site "Skopje"]
[Date "2023.05.28"]
[Round "2"]
[White "Zenuni, Sabri"]
[Black "Milic, Goran"]
[Result "1/2-1/2"]
[WhiteElo "1796"]
[BlackElo "2201"]
[PlyCount "132"]
[EventDate "2023.05.27"]
[EventType "team-tourn"]
[EventRounds "6"]
[EventCountry "MKD"]
[SourceTitle "CBM 214 Extra"]
[Source "ChessBase"]
[SourceDate "2023.07.31"]
[SourceVersion "1"]
[SourceVersionDate "2023.07.31"]
[SourceQuality "1"]

1. d4 Nf6 2. Nf3 b6 3. e3 Bb7 4. c4 e6 5. Nc3 Bb4 6. Bd2 0-0 7. Be2 d5 8. 0-0 c5 9. a3 Bxc3 10. Bxc3 cxd4 11. Bxd4 dxc4 12. Bxc4 Nc6 13. Bc3 Ne4 14. Rc1 Rc8 15. Bd3 Nxc3 16. Rxc3 Qd5 17. Be2 Rfd8 18. Qc2 g6 19. Rd1 Qf5 20. Rxd8+ Rxd8 21. Rxc6 Bxc6 22. Qxc6 Qb1+ 23. Bf1 Qxb2 24. a4 Rd1 25. Qb5 Qa1 26. g3 Rb1 27. Qa6 Rb4 28. Qxa7 Qxa4 29. Qb8+ Kg7 30. Qe5+ Kg8 31. h4 Rb1 32. Qd4 b5 33. Qd8+ Kg7 34. Kg2 Qa1 35. Qd4+ Qxd4 36. Nxd4 b4 37. Bd3 Rd1 38. Bc2 Rc1 39. Ba4 e5 40. Nb3 Rc3 41. Kf3 f5 42. Ke2 Kh6 43. f3 Kh5 44. Nd2 f4 45. gxf4 exf4 46. e4 Kxh4 47. Bb5 Kg5 48. Bd3 Kf6 49. Nc4 g5 50. Nb6 Ke5 51. Nd5 Rb3 52. Bc2 Rb2 53. Kd3 h5 54. Nb6 Ra2 55. Nc4+ Kf6 56. e5+ Kf5 57. Bb3 Rf2 58. Kd4 g4 59. Nd6+ Kg6 60. e6 Re2 61. fxg4 f3 62. gxh5+ Kf6 63. h6 Rh2 64. Ke3 f2 65. Ke2 Rxh6 66. e7 Rh1 1/2-1/2

[Event "FRM-chT2 Gp-B"]
[Site "Ohrid"]
[Date "2022.07.23"]
[Round "4.3"]
[White "Jankov, Dejan"]
[Black "Zenuni, Sabri"]
[Result "1/2-1/2"]
[WhiteElo "2138"]
[BlackElo "1803"]
[PlyCount "114"]
[EventDate "2022.07.21"]
[EventType "team-tourn"]
[EventRounds "5"]
[EventCountry "MKD"]
[SourceTitle "CBM 210 Extra"]
[Source "ChessBase"]
[SourceDate "2022.11.30"]
[SourceVersion "1"]
[SourceVersionDate "2022.11.30"]
[SourceQuality "1"]
[WhiteTeam "Shkupi"]
[BlackTeam "Teuta Matejce"]
[WhiteTeamCountry "MKD"]
[BlackTeamCountry "MKD"]

1. d4 f5 2. Nf3 Nf6 3. g3 e6 4. Bg2 Be7 5. 0-0 0-0 6. c4 d6 7. Nc3 a6 8. Qc2 c6 9. e4 fxe4 10. Nxe4 Nbd7 11. Neg5 Nb6 12. Re1 Re8 13. Nxe6 Bxe6 14. Rxe6 Bf8 15. Rxe8 Qxe8 16. Bg5 Qg6 17. Qb3 Ne4 18. Be3 Nd7 19. Qxb7 Qe8 20. Qxc6 Rb8 21. b3 Rb6 22. Qd5+ Kh8 23. Ne5 Nef6 24. Qa5 Qh5 25. Qc3 dxe5 26. dxe5 Bb4 27. Qb2 Re6 28. exf6 Nxf6 29. h3 h6 30. a3 Bd6 31. Qd2 Qe8 32. Bd4 Re2 33. Qc3 Qg6 34. Bxf6 gxf6 35. Qf3 Rb2 36. Rd1 Rb1 37. Qa8+ Kg7 38. Qb7+ Kf8 39. Rxb1 Qxb1+ 40. Kh2 Qf5 41. Qxa6 Be5 42. Qa8+ Kg7 43. Qf3 Qc2 44. h4 Qb2 45. b4 Qd4 46. c5 Qxh4+ 47. Bh3 h5 48. Kg2 Qc4 49. Qxh5 Bd4 50. Qf3 Bb2 51. c6 Kf8 52. b5 Be5 53. b6 Qc5 54. c7 Bxc7 55. bxc7 Qxc7 56. Qxf6+ Ke8 57. Be6 Qxg3+ 1/2-1/2

[Event "FRM-chT qual Gr-B"]
[Site "Ohrid"]
[Date "2020.08.21"]
[Round "1.2"]
[White "Zenuni, Sabri"]
[Black "Kacakovski, Dimitar"]
[Result "0-1"]
[WhiteElo "1794"]
[BlackElo "2055"]
[PlyCount "78"]
[EventDate "2020.08.21"]
[EventType "team-tourn"]
[EventRounds "5"]
[EventCountry "MKD"]
[SourceTitle "CBM 198 Extra"]
[Source "ChessBase"]
[SourceDate "2020.11.30"]
[SourceVersion "1"]
[SourceVersionDate "2020.11.30"]
[SourceQuality "1"]
[WhiteTeam "Matejche Teuta"]
[BlackTeam "Skopje Karposh"]
[WhiteTeamCountry "MKD"]
[BlackTeamCountry "MKD"]

1. d4 d5 2. c4 e6 3. Nf3 c5 4. cxd5 exd5 5. Bf4 Nc6 6. e3 Nf6 7. h3 Qb6 8. Qb3 Nb4 9. dxc5 Bxc5 10. Be2 Bf5 11. Na3 Nd3+ 12. Bxd3 Qxb3 13. Bb5+ Qxb5 14. Nxb5 Bb4+ 15. Ke2 0-0 16. Rhd1 Bc2 17. Rdc1 Ba4 18. Nbd4 Rac8 19. a3 Ba5 20. b3 Bd7 21. b4 Bb6 22. Ne5 Bxd4 23. exd4 Bb5+ 24. Ke3 Rfe8 25. f3 Nh5 26. g4 Nxf4 27. a4 Rxc1 28. Rxc1 Nd3 29. Rc3 Nxe5 30. dxe5 Bxa4 31. Kd4 Bc6 32. f4 f6 33. b5 fxe5+ 34. fxe5 Bxb5 35. Kxd5 Bc6+ 36. Kd6 Kf7 37. h4 Re6+ 38. Kc7 Rxe5 39. g5 Kg6 0-1